Una intrusa en el hospital /

Guardat en:
Dades bibliogràfiques
Autor principal: Blacker, Terence (autor)
Altres autors: Ross, Tony (ilustración) (ilustración)
Format: Llibre
Idioma:espanyol
Publicat: México : Planeta, 2001, c2001
Col·lecció:(La Fantástica Serafina ; 2)
Matèries:
Etiquetes: Afegir etiqueta
Sense etiquetes, Sigues el primer a etiquetar aquest registre!

MARC

LEADER 00000nam^a2200000^a^4500
001 000392119
005 20250521000000.0
009 20260310121231.958
020 |a 970-690-555-3 
037 |a Acervo ITESO - Biblioteca 
041 |a ESP 
082 |a 808. 899282  |b BLA 
100 |a Blacker, Terence  |e (autor) 
245 1 4 |a Una intrusa en el hospital /  |c T. Blacker ; il. de T. Ross ; tr. de Judith Payró. 
264 4 |a México :  |b Planeta,  |c 2001, c2001 
300 |a 72 p. 
336 |a texto  |b txt  |2 rdacontenido 
337 |a sin mediación  |b n  |2 rdamedio 
338 |a volumen  |b nc  |2 rdasoporte 
440 4 |a (La Fantástica Serafina ;  |v 2) 
500 |a Traducción de: Ms Wiz Spells Trouble 
649 |a XX 
650 |a Cuentos Infantiles 
650 |a Cuentos Ingleses 
650 |a Literatura Inglesa -  |y Siglo XX 
650 |a Literatura Infantil -  |z Inglaterra 
650 |a Literatura Juvenil -  |z Inglaterra 
700 |a Ross, Tony  |e (ilustración) 
910 |a Fondo General 
920 |a Impresos - Libros 
930 |a Colección General 
940 |a Literatura 
905 |a 101 
901 |a 0500287015  |b IT1  |c LIT  |i D87825  |u 20250521 
902 |a https://opac.biblio.iteso.mx/vufind/Record/000392119